Serum levels of interleukin-10 and interleukin-6 in patients with lung cancer

Bibliographic Details
Main Authors: Wojciechowska-Lacka, A. (Author), Cerkaska-Gluszak, B. (Author), Adamiak, E. (Author), Matecka-Nowak, M. (Author), Lacki, J. K. (Author)
Format: Article
Language:English

MARC

LEADER 00000nab a2200000ua 4500
001 vtls010827379
003 SK-MaSNL
005 20260303181003.0
008 230222s1996 xo |||||||||||||||||eng|
035 |a (urnnbn)urn:nbn:sk:snk:ar-a06brt 
035 |a urn:nbn:sk:snk-ab5t7s 
035 |a (uuid)5d7e3fef-7f41-4853-ae60-af0c57440a8e 
040 |a SNKBUCL  |b slo  |c SNKBUCL  |e AACR2 
041 0 |a eng 
044 |a xo  |c SK 
100 1 |a Wojciechowska-Lacka, A.  |4 aut  |9 1207643 
245 1 0 |a Serum levels of interleukin-10 and interleukin-6 in patients with lung cancer  |c A. Wojciechowska-Lacka, B. Cerkaska-Gluszak, E. Adamiak, M. Matecka-Nowak, J. K. Lacki 
700 1 |a Cerkaska-Gluszak, B.  |4 aut  |9 1207644 
700 1 |a Adamiak, E.  |4 aut  |9 1207645 
700 1 |a Matecka-Nowak, M.  |4 aut  |9 1207646 
700 1 |a Lacki, J. K.  |4 aut  |9 1207647 
773 0 |t Neoplasma : journal of experimental and clinical oncology  |g Roč. 43, č. 3 (1996), s. 155-158 
958 |a OND 
958 |a EUIPO 
958 |a article5 
999 |c 2108261  |d 2110191